000 00615nam a2200205Ii 4500
003 JO-AjNU
008 230606s9999||||xx |||||||||||||| ||und||
020 _a978-81-203-3558-4
040 _aJO-AjNU
_beng
_erda
_cJO-AjNU
041 _aeng
050 1 4 _aQA76.76.O63.B43.2007
100 3 _aBhatt,pramoud chandra,
_eauthor
_9313
245 0 3 _aAn introduction to operating systems concepts and practice
264 3 1 _aNEW JERSEY:PRINTIC-Hall,2013
300 _a616p
336 _atext
_btxt
_2rdacontent
337 _aunmediated
_bn
_2rdamedia
338 _avolume
_bnc
_2rdacarrier
650 4 _aOperating systems
_9314
999 _aE165
_c165
_d165